<?xml version="1.0" encoding="UTF-8"?><record xmlns="http://www.loc.gov/MARC21/slim" xmlns:zs="http://docs.oasis-open.org/ns/search-ws/sruResponse">
  <leader>02465ckd a22004573a 4500</leader>
  <controlfield tag="001">18910854</controlfield>
  <controlfield tag="005">20250607070042.9</controlfield>
  <controlfield tag="007">cr||||||||||||</controlfield>
  <controlfield tag="007">ki|c||</controlfield>
  <controlfield tag="008">151014s2015    xxunnn       u|   kneng  </controlfield>
  <datafield ind1=" " ind2=" " tag="035">
    <subfield code="a">18910854</subfield>
  </datafield>
  <datafield ind1=" " ind2=" " tag="906">
    <subfield code="a">0</subfield>
    <subfield code="b">cbc</subfield>
    <subfield code="c">orignew</subfield>
    <subfield code="d">u</subfield>
    <subfield code="e">ncip</subfield>
    <subfield code="f">20</subfield>
    <subfield code="g">y-printpho  </subfield>
  </datafield>
  <datafield ind1=" " ind2=" " tag="955">
    <subfield code="a">qw26 2015-10</subfield>
  </datafield>
  <datafield ind1=" " ind2=" " tag="010">
    <subfield code="a">  2015632588</subfield>
  </datafield>
  <datafield ind1=" " ind2=" " tag="035">
    <subfield code="a">(DLC)hig2015002589</subfield>
  </datafield>
  <datafield ind1=" " ind2=" " tag="037">
    <subfield code="a">LC-DIG-highsm-32573</subfield>
    <subfield code="b">DLC</subfield>
    <subfield code="c">(original digital file)</subfield>
  </datafield>
  <datafield ind1=" " ind2=" " tag="040">
    <subfield code="a">DLC</subfield>
    <subfield code="c">DLC</subfield>
    <subfield code="e">dcrmg</subfield>
  </datafield>
  <datafield ind1="0" ind2="0" tag="050">
    <subfield code="a">LC-DIG-highsm-</subfield>
    <subfield code="b">32573</subfield>
  </datafield>
  <datafield ind1="1" ind2=" " tag="100">
    <subfield code="a">Highsmith, Carol M.,</subfield>
    <subfield code="d">1946-</subfield>
    <subfield code="e">photographer.</subfield>
  </datafield>
  <datafield ind1="1" ind2="4" tag="245">
    <subfield code="a">The Rialto Theatre building in Alamosa, Colorado</subfield>
    <subfield code="h">[graphic].</subfield>
  </datafield>
  <datafield ind1=" " ind2=" " tag="260">
    <subfield code="c">2015-05-26.</subfield>
  </datafield>
  <datafield ind1=" " ind2=" " tag="300">
    <subfield code="a">1 photograph :</subfield>
    <subfield code="b">digital, tiff file, color.</subfield>
  </datafield>
  <datafield ind1=" " ind2=" " tag="336">
    <subfield code="a">still image</subfield>
    <subfield code="b">sti</subfield>
    <subfield code="2">rdacontent</subfield>
  </datafield>
  <datafield ind1=" " ind2=" " tag="337">
    <subfield code="a">unmediated</subfield>
    <subfield code="b">c</subfield>
    <subfield code="2">rdamedia</subfield>
  </datafield>
  <datafield ind1=" " ind2=" " tag="338">
    <subfield code="a">online resource</subfield>
    <subfield code="b">cr</subfield>
    <subfield code="2">rdacarrier</subfield>
  </datafield>
  <datafield ind1=" " ind2=" " tag="500">
    <subfield code="a">Title, date and keywords based on information provided by the photographer.</subfield>
  </datafield>
  <datafield ind1=" " ind2=" " tag="500">
    <subfield code="a">The Rialto opened in 1925 as an American Legion Hall. Within two years it became a movie house seating about 1,000, and also featured live entertainment. By the 1940s, seating had been reduced to a little over 500. The Rialto suffered a devastating fire in 2003 that gutted the auditorium of the building, which was razed in June of 2004. Subsequently a bistro operated out of the former lobby of the building, which retained its vertical marquee.</subfield>
  </datafield>
  <datafield ind1="8" ind2=" " tag="524">
    <subfield code="a">Credit line: Gates Frontiers Fund Colorado Collection within the Carol M. Highsmith Archive, Library of Congress, Prints and Photographs Division.</subfield>
  </datafield>
  <datafield ind1=" " ind2=" " tag="540">
    <subfield code="a">No known restrictions on publication.</subfield>
  </datafield>
  <datafield ind1=" " ind2=" " tag="541">
    <subfield code="c">Gift;</subfield>
    <subfield code="a">Gates Frontiers Fund;</subfield>
    <subfield code="d">2015;</subfield>
    <subfield code="e">(DLC/PP-2015:068).</subfield>
  </datafield>
  <datafield ind1=" " ind2=" " tag="580">
    <subfield code="a">Forms part of: Gates Frontiers Fund Colorado Collection within the Carol M. Highsmith Archive.</subfield>
  </datafield>
  <datafield ind1=" " ind2=" " tag="653">
    <subfield code="a">America</subfield>
    <subfield code="a">Adobe houses</subfield>
    <subfield code="a">Rialto Theatre</subfield>
    <subfield code="a">Movie theaters</subfield>
    <subfield code="a">Alamosa Rialto Theatre</subfield>
    <subfield code="a">Movie marquees</subfield>
  </datafield>
  <datafield ind1=" " ind2="7" tag="655">
    <subfield code="a">Digital photographs</subfield>
    <subfield code="x">Color</subfield>
    <subfield code="y">2010-2020.</subfield>
    <subfield code="2">gmgpc</subfield>
  </datafield>
  <datafield ind1=" " ind2=" " tag="662">
    <subfield code="a">United States</subfield>
    <subfield code="b">Colorado</subfield>
    <subfield code="d">Alamosa.</subfield>
    <subfield code="2">local</subfield>
  </datafield>
  <datafield ind1="0" ind2=" " tag="773">
    <subfield code="a">Highsmith, Carol M., 1946-</subfield>
    <subfield code="t">Carol M. Highsmith Archive.</subfield>
    <subfield code="w">(DLC)   00650024 </subfield>
  </datafield>
  <datafield ind1=" " ind2=" " tag="852">
    <subfield code="a">Library of Congress</subfield>
    <subfield code="b">Prints and Photographs Division</subfield>
    <subfield code="e">Washington, D.C. 20540 USA</subfield>
    <subfield code="n">dcu</subfield>
    <subfield code="u">http://hdl.loc.gov/loc.pnp/pp.print</subfield>
  </datafield>
  <datafield ind1="4" ind2="1" tag="856">
    <subfield code="3">original digital file</subfield>
    <subfield code="d">highsm</subfield>
    <subfield code="f">32573</subfield>
    <subfield code="q">p</subfield>
    <subfield code="u">http://hdl.loc.gov/loc.pnp/highsm.32573</subfield>
  </datafield>
  <datafield ind1=" " ind2=" " tag="985">
    <subfield code="a">pp/highsm</subfield>
  </datafield>
  <datafield ind1=" " ind2=" " tag="985">
    <subfield code="e">pp/minload</subfield>
  </datafield>
  <datafield ind1=" " ind2=" " tag="985">
    <subfield code="a">pp/diof</subfield>
  </datafield>
  <datafield ind1=" " ind2=" " tag="991">
    <subfield code="b">c-P&amp;P</subfield>
    <subfield code="m">(ONLINE)</subfield>
  </datafield>
</record>
